000
00289nam a22001217a 4500
008
190306b xxu||||| |||| 00| 0 eng d
041
_a
eng
080
_2
2nd
_a
617
100
_a
8
101
_a
ORT
245
_a
Functional and Surgical Anatomy of the Hand
_c
Kaplan,E.B
942
_2
udc
_c
BK
999
_c
54599
_d
54599